| 000 | 01187cam a2200289 a 4500 | ||
|---|---|---|---|
| 003 | EG-GiCUC | ||
| 005 | 20250223030421.0 | ||
| 008 | 110528s1996 ua d f m 000 0 eng d | ||
| 040 |
_aEG-GiCUC _beng _cEG-GiCUC |
||
| 041 | 0 | _aeng | |
| 049 | _aDeposite | ||
| 097 | _aPh.D | ||
| 099 | _aCai01.12.07.Ph.D.1996.Mo.C | ||
| 100 | 0 | _aMohamed Soubhi Abdelmohsen Marzouk | |
| 245 | 1 | 0 |
_aChemistry of the phenolic constituents of some Egyptian local plants / _cMohamed Soubhi Abdelmohsen Marzouk ; Supervised Mohamed Amin Aboustate , Mahmoud A. M. Nawwar , Heba H. Barakat |
| 246 | 1 | 5 | _aدراسة كيمياء المواد الفينولية لبعض النباتات المصرية المحلية |
| 260 |
_aCairo : _bMohamed Soubhi Abdelmphsen Marzouk , _c1996 |
||
| 300 |
_a106 Leaves : _bcharts ; _c30cm |
||
| 502 | _aThesis (Ph.D.) - Cairo University - Faculty of Science - Department of Chemistry | ||
| 700 | 0 |
_aHeba H. Barakat , _eSupervisor |
|
| 700 | 0 |
_aMahmoud A. M. Nawwar , _eSupervisor |
|
| 700 | 0 |
_aMohamed Amin AbouState , _eSupervisor |
|
| 856 | _uhttp://172.23.153.220/th.pdf | ||
| 905 |
_aNazla _eRevisor |
||
| 905 |
_aSamia _eCataloger |
||
| 942 |
_2ddc _cTH |
||
| 999 |
_c34212 _d34212 |
||